000 00830nam a2200265Ia 4500
001 21823
005 20260320113315.0
008 260320s9999||||xx |||||||||||||| ||und||
020 _a9786123331610
041 _aESP
082 _a346
_bC34
100 _aCastillo Freyre, Mario,
_eAUT
245 0 _aTítulo preliminar
_b
246 _a
_5
_b
250 _aPrimera edición
260 _aLima :
_bGaceta Jurídica,
_c2025
300 _a334 páginas :
_bcuadros ;
_c25 cm.
_e
440 _a
_n
_v
650 _aCIS
653 _aDerecho civil; Perú. Código Civil (1984)
654 _aDER
700 _aAlcántara Francia, Olga; Rosas Berastain, Verónica; Santisteban Amésquita, Massiel Silva
_cAUTS
856 _uhttps://app-vlex-com.ucsp.lookproxy.com/
_zVéase además: Base de datos Vlex
942 _cLIB
_dJUS
_fMAT
_2ddc
_n
999 _c21823
_d21823